000 00545nam a2200169Ia 4500
008 090711s9999 xx 000 0 und d
082 _b68667
100 _aदेसाई श. शं.
245 _aआरोग्यासाठी योगासने
260 _c1991
300 _a155
600 _aदेसाई श. शं.
630 _aआरोग्यासाठी योगासने
700 _aदेसाई श. शं.
730 _aआरोग्यासाठी योगासने
942 _cBOOK
999 _c312354
_d312354